000 00516nam a2200205Ia 4500
005 20240418151420.0
008 131103s9999 xx 000 0 und d
020 _cRs.15.00
040 _aLoreto College
041 _aEnglish
082 _a370.15
_bMAN
100 _aMangal,S K
245 _aElementary Educational Psychology
_cS K Mangal
260 _aNew Delhi
_bArya
_c1989
300 _a131p.
_b ill., chart
504 _aIncludes bibliography
650 _aPsychology
850 _aLCBED
942 _cBK
999 _c26848
_d77327